000 00440nam a2200145Ia 4500
008 231129s2003||||xx |||||||||||||| ||spa||
020 _a84-270-2954-3
040 _bspa
082 _a922.22 A675c
100 _aCruz Varela Marí­a í‡ Cruz Varela Marí­a Elena
245 0 _aJuana de Arco: El corazón del verdugo
260 _c2003
264 _aEdiciones Martí­nez Roca
942 _2ddc
_cBKS
999 _c16204
_d16204